Sandwich - Mort Subite - Statistiques

Statistiques générales
  • Ce quiz a été pris 288 fois
  • Le résultat moyen est 6 sur 16
Answers on the Grid
Answers color-coded by a green-red scale on the quiz's grid according to % correct below.
BLT
Flying fish cutters
Choripán
Yakisoba-pan
Philly cheesesteak
Pastrami on rye
Risotto
Minestrone
Gaspacho
Laksa
Serranito
Grilled cheese
Croque-monsieur
Jambon-beurre
Bandeja paisa
Butter tart
Tartiflette
Tourtière
Chipa guasu
Pan bagnat
Kottenbutter
Bifana
Khao jee pâté
Waterblommetjie bredie
Or lam
Lobio
Katsu-sando
Hot chicken du Québec
 
Statistiques - réponses
Réponse % Correct
Jambon-beurre
89%
Croque-monsieur
85%
Pan bagnat
63%
Grilled cheese
58%
Pastrami on rye
40%
BLT
37%
Philly cheesesteak
36%
Hot chicken du Québec
32%
Yakisoba-pan
24%
Serranito
23%
Katsu-sando
21%
Choripán
18%
Khao jee pâté
15%
Bifana
14%
Kottenbutter
14%
Flying fish cutters
13%
Aucun quiz correspondant
Distribution des résultats
% des personnes avec chaque résultat
Percentile par nombre de réponses
Votre historique - résultats
Vous n’avez pas pris ce quiz